Vista normal Vista MARC

Entrada Personal Name

Número de registros utilizados en: 1

001 - CONTROL NUMBER

  • control field: 44111

003 - CONTROL NUMBER IDENTIFIER

  • control field: OSt

005 - DATE AND TIME OF LATEST TRANSACTION

  • control field: 20250414163640.0

008 - FIXED-LENGTH DATA ELEMENTS

  • fixed length control field: 250414|| aca||aabn | a|a d

040 ## - CATALOGING SOURCE

  • Original cataloging agency: OSt
  • Transcribing agency: OSt

100 ## - HEADING--PERSONAL NAME

  • Personal name: Dicker, Joël,
  • Dates associated with a name: 1985-

670 ## - SOURCE DATA FOUND

  • Source citation: Work cat.: (OSt)30965: Dicker, Joël, 1985- autor., La verdad sobre el caso Harry Quebert / , 2013.